| 000 | 00532nam a22001697a 4500 | ||
|---|---|---|---|
| 999 |
_c14937 _d14937 |
||
| 008 | 200131b ||||| |||| 00| 0 eng d | ||
| 020 | _a978-1-64293-043-6 | ||
| 082 |
_22019 _aDC 129 _bG439 |
||
| 100 |
_aGiovanninni, Lucia _941477 |
||
| 245 |
_aA whole new life : _bDiscover the power of positive transformation/ _cLucia Giovanninni |
||
| 260 |
_aNew York : _bPost Hill Press, _c©2019. |
||
| 300 |
_a278 pages; _c21 cm. |
||
| 500 | _aIncludes bibliography | ||
| 650 |
_aFuture life _941733 |
||
| 365 | _b1,148.00 | ||
| 942 |
_2ddc _cDC |
||